| 000 | 00566nam a2200181Ia 4500 | ||
|---|---|---|---|
| 008 | 090124s9999 xx 000 0 und d | ||
| 082 | _b43516 | ||
| 100 | _aकदम मन्दा | ||
| 245 | _aMEGHDUT मेघदूत | ||
| 250 | _a1 | ||
| 260 |
_b"महाराष्ट्र ग्रंथ भांडार ,कोल्हापूर" _c2003 |
||
| 300 | _a111 | ||
| 600 | _aकदम मन्दा | ||
| 630 | _aMEGHDUT मेघदूत | ||
| 700 | _aकदम मन्दा | ||
| 730 | _aMEGHDUT मेघदूत | ||
| 942 | _cBOOK | ||
| 999 |
_c109745 _d109745 |
||